Marijuana

Guardado en:  
Detalles Bibliográficos
Autor Corporativo: National Institute of Drug Abuse. VerfasserIn (Autor)
Tipo de documento: Electrónico Artículo
Lenguaje:Inglés
Publicado: United States Department of Health and Human Services, National Institutes of Health, National Institute of Drug Abuse 2006
En:Enthalten in: NIDA InfoFacts
Acceso en línea: Volltext (lizenzpflichtig)
Volltext (lizenzpflichtig)
Verificar disponibilidad: HBZ Gateway

MARC

LEADER 00000caa a22000002c 4500
001 1912616157
003 DE-627
005 20250124055009.0
007 cr uuu---uuuuu
008 241217s2006 xx |||||o 00| ||eng c
035 |a (DE-627)1912616157 
035 |a (DE-599)KXP1912616157 
040 |a DE-627  |b ger  |c DE-627  |e rda 
041 |a eng 
084 |a 2,1  |2 ssgn 
110 2 |a National Institute of Drug Abuse  |e VerfasserIn  |4 aut 
245 1 0 |a Marijuana 
264 1 |b United States Department of Health and Human Services, National Institutes of Health, National Institute of Drug Abuse  |c 2006 
336 |a Text  |b txt  |2 rdacontent 
337 |a Computermedien  |b c  |2 rdamedia 
338 |a Online-Ressource  |b cr  |2 rdacarrier 
773 0 8 |i Enthalten in  |t NIDA InfoFacts 
787 0 8 |i Forschungsdaten  |a Johnston, Lloyd D.  |t Monitoring the Future: A Continuing Study of American Youth (8th- and 10th-Grade Surveys), 2005  |d [Erscheinungsort nicht ermittelbar] : [Verlag nicht ermittelbar], 2006  |w (DE-627)1840053909 
787 0 8 |i Forschungsdaten  |a Johnston, Lloyd D.  |t Monitoring the Future: A Continuing Study of American Youth (12th-Grade Survey), 2005  |d [Erscheinungsort nicht ermittelbar] : [Verlag nicht ermittelbar], 2006  |w (DE-627)1840057114 
787 0 8 |i Forschungsdaten  |a United States Department of Health and Human Services. Substance Abuse and Mental Health Services Administration. Office of Applied Studies  |t National Survey on Drug Use and Health, 2004  |d [Erscheinungsort nicht ermittelbar] : [Verlag nicht ermittelbar], 2006  |w (DE-627)1840045272 
856 4 0 |u http://www.drugabuse.gov/PDF/InfoFacts/Marijuana06.pdf  |q application/pdf  |x Verlag  |z lizenzpflichtig  |3 Volltext  |7 1 
856 4 0 |u http://www.nida.nih.gov/Infofacts/marijuana.html  |x Verlag  |z lizenzpflichtig  |3 Volltext  |7 1 
935 |a mkri 
951 |a AR 
ELC |a 1 
LOK |0 000 xxxxxcx a22 zn 4500 
LOK |0 001 4637581672 
LOK |0 003 DE-627 
LOK |0 004 1912616157 
LOK |0 005 20241217044701 
LOK |0 008 241217||||||||||||||||ger||||||| 
LOK |0 035   |a (DE-2619)ICPSR44375 
LOK |0 040   |a DE-2619  |c DE-627  |d DE-2619 
LOK |0 092   |o n 
LOK |0 852   |a DE-2619 
LOK |0 852 1  |9 00 
LOK |0 935   |a uvkn  |a nacp 
LOK |0 939   |a 17-12-24  |b l01 
ORI |a SA-MARC-krimdoka001.raw